000
00305nam a2200133Ia 4500
005
20251222155115.0
008
251222s9999||||xx |||||||||||||| ||spa||
082
_a
EDUM.66
100
_a
E.R. House. 2000
245
0
_a
Evaluación ética y poder
250
_a
1ra. ed.
264
_b
Morata
942
_c
LIB
999
_c
38197
_d
38197